000 00502nam a2200133Ia 4500
008 220620s9999||||xx |||||||||||||| ||und||
022 _a19194390
100 _aEdited by Sue Gregory, Mark J.W. Lee, Barney Dalgarno, and Belinda Tynan
245 0 _aLearning in Virtual Worlds: Research and Applications
546 _aEnglish[eng]
650 _aSecondLife||3D||OpenSimulation||Open Wonderland||simulated learning||online learning
856 _uhttp://www.aupress.ca/index.php/books/120254
942 _cEB
999 _c34321
_d34321